[Event "2023 National K-12 Grade Championships"]
[Site "Orlando, Florida, United States"]
[Date "2023.12.16"]
[Round "5.19"]
[White "Wang, Kyle Y"]
[Black "Jagan, Aashish"]
[Result "1-0"]
[TimeControl "G/90;d10"]
[WhiteElo "2078"]
[BlackElo "1865"]

1. e4 {[%clk 01:30:00]} {[%emt 00:00:02]} c5 {[%clk 01:30:00]} {[%emt
00:00:05]} 2. Nf3 {[%clk 01:30:00]} {[%emt 00:00:07]} e6 {[%clk 01:30:00]}
{[%emt 00:00:04]} 3. d4 {[%clk 01:30:00]} {[%emt 00:00:05]} cxd4 {[%clk
01:30:00]} {[%emt 00:00:04]} 4. Nxd4 {[%clk 01:30:00]} {[%emt 00:00:08]} a6
{[%clk 01:30:00]} {[%emt 00:00:04]} 5. Nc3 {[%clk 01:30:00]} {[%emt 00:00:09]}
Qc7 {[%clk 01:30:00]} {[%emt 00:00:04]} 6. Qf3 {[%clk 01:30:00]} {[%emt
00:00:09]} Nf6 {[%clk 01:29:50]} {[%emt 00:00:20]} 7. Bg5 {[%clk 01:29:58]}
{[%emt 00:00:12]} Be7 {[%clk 01:29:33]} {[%emt 00:00:28]} 8. O-O-O {[%clk
01:29:41]} {[%emt 00:00:27]} Nc6 {[%clk 01:28:12]} {[%emt 00:01:31]} 9. Kb1
{[%clk 01:23:19]} {[%emt 00:06:31]} b5 {[%clk 01:24:45]} {[%emt 00:03:37]} 10.
Nxc6 {[%clk 01:21:54]} {[%emt 00:01:36]} dxc6 {[%clk 01:24:35]} {[%emt
00:00:20]} 11. e5 {[%clk 01:20:10]} {[%emt 00:01:54]} Nd5 {[%clk 01:22:48]}
{[%emt 00:01:57]} 12. Bxe7 {[%clk 01:19:42]} {[%emt 00:00:38]} Nxe7 {[%clk
01:21:32]} {[%emt 00:01:26]} 13. Ne4 {[%clk 01:19:06]} {[%emt 00:00:46]} O-O
{[%clk 01:17:04]} {[%emt 00:04:38]} 14. Nd6 {[%clk 01:17:05]} {[%emt 00:02:11]}
f6 {[%clk 01:14:12]} {[%emt 00:03:02]} 15. Bd3 {[%clk 01:13:45]} {[%emt
00:03:29]} Bd7 {[%clk 01:07:23]} {[%emt 00:07:00]} 16. exf6 {[%clk 01:12:08]}
{[%emt 00:01:46]} Rxf6 {[%clk 01:05:56]} {[%emt 00:01:37]} 17. Qg3 {[%clk
01:09:31]} {[%emt 00:02:46]} Raf8 {[%clk 00:51:43]} {[%emt 00:14:24]} 18. Ne4
{[%clk 01:07:37]} {[%emt 00:02:05]} Rf4 {[%clk 00:51:32]} {[%emt 00:00:20]} 19.
Ng5 {[%clk 01:06:55]} {[%emt 00:00:52]} e5 {[%clk 00:40:39]} {[%emt 00:11:04]}
20. Bxh7+ {[%clk 01:01:27]} {[%emt 00:05:38]} Kh8 {[%clk 00:40:39]} {[%emt
00:00:08]} 21. Qd3 {[%clk 01:00:04]} {[%emt 00:01:32]} Nd5 {[%clk 00:31:24]}
{[%emt 00:09:26]} 22. Be4 {[%clk 00:49:46]} {[%emt 00:10:26]} Nf6 {[%clk
00:30:38]} {[%emt 00:00:58]} 23. f3 {[%clk 00:49:23]} {[%emt 00:00:34]} Nxe4
{[%clk 00:16:09]} {[%emt 00:14:38]} 24. Nxe4 {[%clk 00:49:10]} {[%emt
00:00:23]} Bf5 {[%clk 00:14:01]} {[%emt 00:02:18]} 25. Rhe1 {[%clk 00:48:52]}
{[%emt 00:00:28]} g5 {[%clk 00:08:16]} {[%emt 00:05:55]} 26. h3 {[%clk
00:48:11]} {[%emt 00:00:50]} Rf7 {[%clk 00:07:03]} {[%emt 00:01:24]} 27. Qd8+
{[%clk 00:46:31]} {[%emt 00:01:50]} Qxd8 {[%clk 00:06:37]} {[%emt 00:00:37]} 28.
Rxd8+ {[%clk 00:46:31]} {[%emt 00:00:02]} Kg7 {[%clk 00:06:02]} {[%emt
00:00:45]} 29. Nxg5 {[%clk 00:46:27]} {[%emt 00:00:13]} Re7 {[%clk 00:05:07]}
{[%emt 00:01:05]} 30. Ne4 {[%clk 00:46:03]} {[%emt 00:00:34]} Bxe4 {[%clk
00:04:45]} {[%emt 00:00:32]} 31. Rxe4 {[%clk 00:44:15]} {[%emt 00:01:58]} Rxe4
{[%clk 00:04:45]} {[%emt 00:00:07]} 32. fxe4 {[%clk 00:44:15]} {[%emt
00:00:06]} Rf7 {[%clk 00:04:45]} {[%emt 00:00:05]} 33. b3 {[%clk 00:44:13]}
{[%emt 00:00:11]} Rf4 {[%clk 00:04:00]} {[%emt 00:00:56]} 34. Rd6 {[%clk
00:44:09]} {[%emt 00:00:14]} Rxe4 {[%clk 00:03:25]} {[%emt 00:00:45]} 35. Rxc6
{[%clk 00:44:08]} {[%emt 00:00:10]} a5 {[%clk 00:02:52]} {[%emt 00:00:43]} 36.
Rc5 {[%clk 00:44:07]} {[%emt 00:00:12]} a4 {[%clk 00:02:52]} {[%emt 00:00:04]}
37. Rxb5 {[%clk 00:43:59]} {[%emt 00:00:17]} a3 {[%clk 00:02:52]} {[%emt
00:00:08]} 38. Kc1 {[%clk 00:43:59]} {[%emt 00:00:07]} Re1+ {[%clk 00:02:30]}
{[%emt 00:00:32]} 39. Kd2 {[%clk 00:43:59]} {[%emt 00:00:04]} Ra1 {[%clk
00:02:21]} {[%emt 00:00:19]} 40. Rxe5 {[%clk 00:43:59]} {[%emt 00:00:06]} Rxa2
{[%clk 00:02:00]} {[%emt 00:00:32]} 41. Ra5 {[%clk 00:43:59]} {[%emt 00:00:05]}
Kf6 {[%clk 00:01:50]} {[%emt 00:00:19]} 42. g4 {[%clk 00:43:59]} {[%emt
00:00:09]} Ra1 {[%clk 00:01:22]} {[%emt 00:00:39]} 43. h4 {[%clk 00:43:59]}
{[%emt 00:00:08]} a2 {[%clk 00:01:15]} {[%emt 00:00:17]} 44. h5 {[%clk
00:43:55]} {[%emt 00:00:15]} Rg1 {[%clk 00:00:59]} {[%emt 00:00:26]} 45. Rxa2
{[%clk 00:43:55]} {[%emt 00:00:06]} Rxg4 {[%clk 00:00:59]} {[%emt 00:00:06]} 46.
Ra6+ {[%clk 00:43:47]} {[%emt 00:00:17]} Ke5 {[%clk 00:00:46]} {[%emt
00:00:23]} 47. Kc3 {[%clk 00:43:40]} {[%emt 00:00:17]} Rg3+ {[%clk 00:00:46]}
{[%emt 00:00:08]} 48. Kb4 {[%clk 00:43:40]} {[%emt 00:00:07]} Rg4+ {[%clk
00:00:46]} {[%emt 00:00:08]} 49. c4 {[%clk 00:43:40]} {[%emt 00:00:05]} Rg7
{[%clk 00:00:46]} {[%emt 00:00:10]} 50. Kb5 {[%clk 00:43:37]} {[%emt 00:00:13]}
Rb7+ {[%clk 00:00:46]} {[%emt 00:00:09]} 51. Rb6 {[%clk 00:43:37]} Rh7 {[%clk
00:00:36]} {[%emt 00:00:20]} 52. h6 {[%clk 00:43:37]} {[%emt 00:00:08]} Rc7
{[%clk 00:00:36]} {[%emt 00:00:09]} 53. c5 {[%clk 00:43:37]} {[%emt 00:00:10]}
Kd5 {[%clk 00:00:36]} {[%emt 00:00:02]} 54. b4 {[%clk 00:43:37]} {[%emt
00:00:09]} Ke5 {[%clk 00:00:25]} {[%emt 00:00:21]} 55. c6 {[%clk 00:43:32]}
{[%emt 00:00:15]} Kd6 {[%clk 00:00:25]} {[%emt 00:00:05]} 56. Rb7 {[%clk
00:43:31]} {[%emt 00:00:12]} Rxc6 {[%clk 00:00:25]} {[%emt 00:00:10]} 57. Rb6
{[%clk 00:43:31]} {[%emt 00:00:02]} Rxb6+ {[%clk 00:00:08]} {[%emt 00:00:27]}
58. Kxb6 {[%clk 00:43:31]} {[%emt 00:00:07]} Kd5 {[%clk 00:00:04]} {[%emt
00:00:08]} 59. h7 {[%clk 00:43:31]} {[%emt 00:00:09]} Kc4 {[%clk 00:00:02]}
{[%emt 00:00:12]} 60. h8=Q {[%clk 00:43:31]} {[%emt 00:00:07]} Kb3 {[%clk
00:00:02]} {[%emt 00:00:11]} 61. Kc5 {[%clk 00:43:31]} {[%emt 00:00:10]} 1-0

[Event "2023 National K-12 Grade Championships"]
[Site "Orlando, Florida, United States"]
[Date "2023.12.16"]
[Round "5.20"]
[White "Chaudhury, Anmay Kumar"]
[Black "You, Eden"]
[Result "1/2-1/2"]
[TimeControl "G/90;d10"]
[WhiteElo "2019"]
[BlackElo "1797"]

1. e4 {[%clk 01:30:00]} c5 {[%clk 01:29:59]} {[%emt 00:00:12]} 2. Nf3 {[%clk
01:30:00]} {[%emt 00:00:03]} g6 {[%clk 01:29:44]} {[%emt 00:00:24]} 3. d4
{[%clk 01:30:00]} {[%emt 00:00:05]} cxd4 {[%clk 01:29:44]} {[%emt 00:00:06]} 4.
Nxd4 {[%clk 01:30:00]} {[%emt 00:00:04]} Nc6 {[%clk 01:29:39]} {[%emt
00:00:15]} 5. c4 {[%clk 01:30:00]} {[%emt 00:00:04]} Nf6 {[%clk 01:29:34]}
{[%emt 00:00:15]} 6. Nc3 {[%clk 01:30:00]} {[%emt 00:00:04]} Nxd4 {[%clk
01:29:34]} {[%emt 00:00:10]} 7. Qxd4 {[%clk 01:30:00]} {[%emt 00:00:05]} d6
{[%clk 01:29:34]} {[%emt 00:00:10]} 8. Be2 {[%clk 01:30:00]} {[%emt 00:00:09]}
Bg7 {[%clk 01:29:32]} {[%emt 00:00:12]} 9. O-O {[%clk 01:30:00]} {[%emt
00:00:06]} O-O {[%clk 01:29:30]} {[%emt 00:00:13]} 10. Qd1 {[%clk 01:29:25]}
{[%emt 00:00:45]} Be6 {[%clk 01:27:33]} {[%emt 00:02:07]} 11. Be3 {[%clk
01:27:35]} {[%emt 00:02:00]} Rc8 {[%clk 01:25:25]} {[%emt 00:02:18]} 12. b3
{[%clk 01:26:04]} {[%emt 00:01:42]} Nd7 {[%clk 01:19:14]} {[%emt 00:06:21]} 13.
Rc1 {[%clk 01:25:55]} {[%emt 00:00:19]} Nc5 {[%clk 01:17:26]} {[%emt 00:01:57]}
14. f3 {[%clk 01:25:15]} {[%emt 00:00:51]} a6 {[%clk 01:14:17]} {[%emt
00:03:19]} 15. Kh1 {[%clk 01:25:09]} {[%emt 00:00:16]} Qa5 {[%clk 01:12:07]}
{[%emt 00:02:19]} 16. Bd4 {[%clk 01:25:09]} {[%emt 00:00:11]} Rfd8 {[%clk
01:10:52]} {[%emt 00:01:24]} 17. Bxg7 {[%clk 01:24:43]} {[%emt 00:00:36]} Kxg7
{[%clk 01:10:52]} {[%emt 00:00:03]} 18. Qd4+ {[%clk 01:24:43]} {[%emt
00:00:01]} Kg8 {[%clk 01:10:09]} {[%emt 00:00:51]} 19. Rfd1 {[%clk 01:23:13]}
{[%emt 00:01:42]} Rb8 {[%clk 01:05:01]} {[%emt 00:05:18]} 20. Rd2 {[%clk
01:21:36]} {[%emt 00:01:47]} Nd7 {[%clk 00:58:04]} {[%emt 00:07:07]} 21. Rb1
{[%clk 01:10:20]} {[%emt 00:11:26]} Rdc8 {[%clk 00:53:29]} {[%emt 00:04:46]} 22.
f4 {[%clk 00:53:53]} {[%emt 00:16:36]} b5 {[%clk 00:48:06]} {[%emt 00:05:33]}
23. f5 {[%clk 00:43:58]} {[%emt 00:10:05]} gxf5 {[%clk 00:47:05]} {[%emt
00:01:12]} 24. exf5 {[%clk 00:43:58]} {[%emt 00:00:05]} Bxf5 {[%clk 00:46:42]}
{[%emt 00:00:34]} 25. Rf1 {[%clk 00:43:58]} {[%emt 00:00:04]} Bg6 {[%clk
00:45:21]} {[%emt 00:01:29]} 26. Nd5 {[%clk 00:41:17]} {[%emt 00:02:52]} Qd8
{[%clk 00:43:27]} {[%emt 00:02:04]} 27. h4 {[%clk 00:41:04]} {[%emt 00:00:24]}
e6 {[%clk 00:34:24]} {[%emt 00:09:13]} 28. Nf6+ {[%clk 00:33:35]} {[%emt
00:07:39]} Nxf6 {[%clk 00:33:48]} {[%emt 00:00:46]} 29. Rxf6 {[%clk 00:33:35]}
{[%emt 00:00:03]} bxc4 {[%clk 00:31:33]} {[%emt 00:02:25]} 30. h5 {[%clk
00:29:55]} {[%emt 00:03:49]} Bf5 {[%clk 00:23:48]} {[%emt 00:07:55]} 31. Bxc4
{[%clk 00:27:19]} {[%emt 00:02:46]} d5 {[%clk 00:21:47]} {[%emt 00:02:12]} 32.
Bxd5 {[%clk 00:25:37]} {[%emt 00:01:51]} Rc1+ {[%clk 00:19:29]} {[%emt
00:02:28]} 33. Kh2 {[%clk 00:25:37]} {[%emt 00:00:06]} Qd6+ {[%clk 00:18:03]}
{[%emt 00:01:36]} 34. g3 {[%clk 00:24:55]} {[%emt 00:00:52]} Qxd5 {[%clk
00:16:29]} {[%emt 00:01:45]} 35. Qxd5 {[%clk 00:24:51]} {[%emt 00:00:15]} exd5
{[%clk 00:16:29]} {[%emt 00:00:06]} 36. Rxf5 {[%clk 00:24:51]} {[%emt
00:00:05]} Rd8 {[%clk 00:16:17]} {[%emt 00:00:21]} 37. Rdxd5 {[%clk 00:20:48]}
{[%emt 00:04:13]} Rc2+ {[%clk 00:16:09]} {[%emt 00:00:18]} 38. Kh3 {[%clk
00:20:48]} {[%emt 00:00:03]} Rxd5 {[%clk 00:15:53]} {[%emt 00:00:26]} 39. Rxd5
{[%clk 00:20:48]} {[%emt 00:00:02]} Rxa2 {[%clk 00:15:52]} {[%emt 00:00:11]} 40.
h6 {[%clk 00:20:47]} {[%emt 00:00:11]} f6 {[%clk 00:15:22]} {[%emt 00:00:40]}
41. Rd7 {[%clk 00:20:43]} {[%emt 00:00:15]} Rb2 {[%clk 00:12:45]} {[%emt
00:02:46]} 42. Rg7+ {[%clk 00:20:43]} {[%emt 00:00:07]} Kh8 {[%clk 00:12:45]}
{[%emt 00:00:09]} 43. Rf7 {[%clk 00:19:30]} {[%emt 00:01:23]} Kg8 {[%clk
00:12:44]} {[%emt 00:00:11]} 44. Rg7+ {[%clk 00:19:30]} {[%emt 00:00:04]} Kh8
{[%clk 00:11:31]} {[%emt 00:01:22]} 45. Rf7 {[%clk 00:19:30]} {[%emt 00:00:07]}
Kg8 {[%clk 00:11:31]} {[%emt 00:00:07]} 46. Rxf6 {[%clk 00:19:30]} {[%emt
00:00:03]} Rxb3 {[%clk 00:11:17]} {[%emt 00:00:24]} 47. Rxa6 {[%clk 00:19:30]}
{[%emt 00:00:01]} Kf7 {[%clk 00:10:35]} {[%emt 00:00:51]} 48. Kh4 {[%clk
00:19:30]} {[%emt 00:00:05]} Re3 {[%clk 00:09:36]} {[%emt 00:01:08]} 49. g4
{[%clk 00:17:16]} {[%emt 00:02:26]} Re6 {[%clk 00:09:01]} {[%emt 00:00:44]} 50.
Ra7+ {[%clk 00:16:35]} {[%emt 00:00:52]} Re7 {[%clk 00:09:01]} {[%emt
00:00:06]} 51. Ra8 {[%clk 00:16:20]} {[%emt 00:00:26]} Re8 {[%clk 00:08:32]}
{[%emt 00:00:38]} 52. Ra5 {[%clk 00:15:45]} {[%emt 00:00:44]} Re6 {[%clk
00:07:21]} {[%emt 00:01:22]} 53. Kh5 {[%clk 00:15:45]} {[%emt 00:00:07]} Re8
{[%clk 00:06:27]} {[%emt 00:01:04]} 54. g5 {[%clk 00:15:19]} {[%emt 00:00:37]}
Kg8 {[%clk 00:05:55]} {[%emt 00:00:42]} 55. Ra6 {[%clk 00:14:39]} {[%emt
00:00:50]} Kh8 {[%clk 00:05:48]} {[%emt 00:00:16]} 56. Kg4 {[%clk 00:14:10]}
{[%emt 00:00:39]} Rf8 {[%clk 00:05:17]} {[%emt 00:00:41]} 57. Ra7 {[%clk
00:12:47]} {[%emt 00:01:33]} Kg8 {[%clk 00:05:17]} {[%emt 00:00:03]} 58. Re7
{[%clk 00:12:29]} {[%emt 00:00:28]} Kh8 {[%clk 00:05:00]} {[%emt 00:00:27]} 59.
Re6 {[%clk 00:11:53]} {[%emt 00:00:45]} Kg8 {[%clk 00:04:59]} {[%emt 00:00:12]}
60. Rd6 {[%clk 00:10:55]} {[%emt 00:01:08]} Kh8 {[%clk 00:04:59]} {[%emt
00:00:10]} 61. Ra6 {[%clk 00:10:01]} {[%emt 00:01:03]} Kg8 {[%clk 00:04:59]}
{[%emt 00:00:06]} 62. Ra7 {[%clk 00:08:51]} {[%emt 00:01:20]} Rf7 {[%clk
00:04:43]} {[%emt 00:00:26]} 63. Ra6 {[%clk 00:08:30]} {[%emt 00:00:31]} Rf8
{[%clk 00:04:43]} {[%emt 00:00:04]} 64. Rd6 {[%clk 00:08:30]} {[%emt 00:00:03]}
Kh8 {[%clk 00:04:43]} {[%emt 00:00:03]} 65. Rd7 {[%clk 00:08:30]} {[%emt
00:00:02]} Kg8 {[%clk 00:04:43]} {[%emt 00:00:03]} 66. Rc7 {[%clk 00:08:27]}
{[%emt 00:00:13]} Rf7 {[%clk 00:04:43]} {[%emt 00:00:05]} 67. Rc8+ {[%clk
00:08:27]} {[%emt 00:00:09]} Rf8 {[%clk 00:04:43]} {[%emt 00:00:02]} 68. Rc7
{[%clk 00:08:27]} {[%emt 00:00:01]} Rf7 {[%clk 00:04:43]} 69. Rc1 {[%clk
00:08:27]} Rf8 {[%clk 00:04:43]} {[%emt 00:00:05]} 70. Ra1 {[%clk 00:08:19]}
{[%emt 00:00:19]} Kh8 {[%clk 00:04:43]} {[%emt 00:00:06]} 71. Re1 {[%clk
00:08:19]} {[%emt 00:00:01]} Kg8 {[%clk 00:04:43]} {[%emt 00:00:04]} 72. Re7
{[%clk 00:08:19]} {[%emt 00:00:02]} Rf7 {[%clk 00:04:43]} {[%emt 00:00:04]} 73.
Re8+ {[%clk 00:08:19]} {[%emt 00:00:05]} Rf8 {[%clk 00:04:43]} {[%emt
00:00:05]} 74. Re6 {[%clk 00:08:19]} {[%emt 00:00:01]} Kh8 {[%clk 00:04:43]}
{[%emt 00:00:03]} 75. Kg3 {[%clk 00:08:19]} {[%emt 00:00:05]} Kg8 {[%clk
00:04:43]} {[%emt 00:00:08]} 76. Re7 {[%clk 00:08:19]} {[%emt 00:00:05]} Rf7
{[%clk 00:04:43]} {[%emt 00:00:04]} 77. Re5 {[%clk 00:08:19]} {[%emt 00:00:06]}
Rf8 {[%clk 00:04:43]} {[%emt 00:00:08]} 78. Kh4 {[%clk 00:08:19]} {[%emt
00:00:10]} Kh8 {[%clk 00:04:43]} {[%emt 00:00:04]} 79. Re7 {[%clk 00:08:19]}
{[%emt 00:00:07]} Kg8 {[%clk 00:04:43]} {[%emt 00:00:05]} 80. Rg7+ {[%clk
00:08:19]} {[%emt 00:00:06]} Kh8 {[%clk 00:04:43]} {[%emt 00:00:05]} 81. Kg4
{[%clk 00:08:19]} {[%emt 00:00:02]} Rg8 {[%clk 00:04:36]} {[%emt 00:00:18]} 82.
Rf7 {[%clk 00:08:19]} {[%emt 00:00:06]} Re8 {[%clk 00:04:31]} {[%emt 00:00:15]}
83. Kf5 {[%clk 00:08:08]} {[%emt 00:16:25]} Kg8 {[%clk 00:04:31]} {[%emt
00:00:01]} 84. Rg7+ {[%clk 00:08:04]} {[%emt 00:00:14]} Kh8 {[%clk 00:04:31]}
{[%emt 00:00:04]} 85. Ra7 {[%clk 00:08:01]} {[%emt 00:00:14]} Kg8 {[%clk
00:04:31]} {[%emt 00:00:06]} 86. Rb7 {[%clk 00:07:53]} {[%emt 00:00:18]} Kh8
{[%clk 00:04:31]} {[%emt 00:00:04]} 87. Kf6 {[%clk 00:07:40]} {[%emt 00:00:23]}
Kg8 {[%clk 00:04:31]} {[%emt 00:00:03]} 88. Rg7+ {[%clk 00:07:40]} {[%emt
00:00:05]} Kh8 {[%clk 00:04:30]} {[%emt 00:00:11]} 89. Rf7 {[%clk 00:07:40]}
{[%emt 00:00:07]} Kg8 {[%clk 00:04:28]} {[%emt 00:00:12]} 90. Rg7+ {[%clk
00:07:07]} {[%emt 00:00:44]} Kh8 {[%clk 00:04:28]} {[%emt 00:00:02]} 91. Kf5
{[%clk 00:07:07]} {[%emt 00:00:06]} Rf8+ {[%clk 00:04:22]} {[%emt 00:00:16]} 92.
Ke6 {[%clk 00:07:07]} {[%emt 00:00:09]} Rf1 {[%clk 00:04:17]} {[%emt 00:00:15]}
93. Rd7 {[%clk 00:07:06]} {[%emt 00:00:11]} Re1+ {[%clk 00:04:15]} {[%emt
00:00:12]} 94. Kf6 {[%clk 00:07:05]} {[%emt 00:00:11]} Rf1+ {[%clk 00:04:15]}
{[%emt 00:00:04]} 95. Ke5 {[%clk 00:07:05]} Re1+ {[%clk 00:04:15]} {[%emt
00:00:04]} 96. Kf5 {[%clk 00:07:05]} {[%emt 00:00:05]} Rf1+ {[%clk 00:04:15]}
{[%emt 00:00:03]} 97. Ke4 {[%clk 00:07:05]} {[%emt 00:00:02]} Re1+ {[%clk
00:04:15]} {[%emt 00:00:06]} 98. Kf3 {[%clk 00:07:05]} {[%emt 00:00:02]} Rf1+
{[%clk 00:04:15]} {[%emt 00:00:07]} 99. Kg2 {[%clk 00:07:05]} {[%emt 00:00:03]}
Rf8 {[%clk 00:04:15]} {[%emt 00:00:02]} 100. Kg3 {[%clk 00:07:05]} {[%emt
00:00:04]} Kg8 {[%clk 00:04:15]} {[%emt 00:00:03]} 101. Kg4 {[%clk 00:07:05]}
{[%emt 00:00:01]} Rf7 {[%clk 00:04:15]} {[%emt 00:00:05]} 102. Rxf7 {[%clk
00:07:02]} {[%emt 00:00:13]} Kxf7 {[%clk 00:04:15]} {[%emt 00:00:03]} 103. Kf5
{[%clk 00:07:02]} {[%emt 00:00:07]} Kg8 {[%clk 00:04:15]} {[%emt 00:00:08]} 104.
Kf6 {[%clk 00:07:02]} {[%emt 00:00:01]} Kh8 {[%clk 00:04:15]} {[%emt 00:00:03]}
105. Kf5 {[%clk 00:07:02]} {[%emt 00:00:03]} Kg8 {[%clk 00:04:15]} {[%emt
00:00:01]} 106. Ke6 {[%clk 00:07:02]} {[%emt 00:00:01]} Kh8 {[%clk 00:04:15]}
{[%emt 00:00:01]} 107. Kf6 {[%clk 00:07:02]} {[%emt 00:00:01]} Kg8 {[%clk
00:04:15]} 108. g6 {[%clk 00:07:02]} hxg6 {[%clk 00:04:15]} {[%emt 00:00:02]}
109. Kxg6 {[%clk 00:07:02]} {[%emt 00:00:02]} Kh8 {[%clk 00:04:15]} 110. h7
{[%clk 00:07:02]} {[%emt 00:00:01]} 1/2-1/2

[Event "2023 National K-12 Grade Championships"]
[Site "Orlando, Florida, United States"]
[Date "2023.12.16"]
[Round "5.21"]
[White "Paragua, Megan Althea"]
[Black "Li, Mason"]
[Result "1-0"]
[TimeControl "G/90;d10"]
[WhiteElo "2173"]
[BlackElo "1980"]

1. d4 {[%clk 01:30:00]} {[%emt 00:00:05]} d5 {[%clk 01:30:00]} {[%emt
00:00:11]} 2. Nf3 {[%clk 01:30:00]} {[%emt 00:00:05]} Nf6 {[%clk 01:29:56]}
{[%emt 00:00:14]} 3. b3 {[%clk 01:29:52]} {[%emt 00:00:18]} c6 {[%clk
01:29:21]} {[%emt 00:00:45]} 4. e3 {[%clk 01:29:52]} {[%emt 00:00:06]} e6
{[%clk 01:28:29]} {[%emt 00:01:02]} 5. Be2 {[%clk 01:29:52]} {[%emt 00:00:07]}
Bd6 {[%clk 01:28:16]} {[%emt 00:00:24]} 6. O-O {[%clk 01:29:52]} {[%emt
00:00:08]} Nbd7 {[%clk 01:28:13]} {[%emt 00:00:14]} 7. Bb2 {[%clk 01:29:52]}
{[%emt 00:00:07]} O-O {[%clk 01:27:53]} {[%emt 00:00:30]} 8. Nbd2 {[%clk
01:29:20]} {[%emt 00:00:42]} b6 {[%clk 01:26:28]} {[%emt 00:01:35]} 9. c4
{[%clk 01:29:14]} {[%emt 00:00:16]} Bb7 {[%clk 01:26:14]} {[%emt 00:00:24]} 10.
Rc1 {[%clk 01:25:31]} {[%emt 00:03:52]} Qe7 {[%clk 01:22:51]} {[%emt 00:03:35]}
11. Qc2 {[%clk 01:21:40]} {[%emt 00:04:00]} Rac8 {[%clk 01:18:33]} {[%emt
00:04:28]} 12. Qb1 {[%clk 01:18:51]} {[%emt 00:02:58]} h6 {[%clk 01:13:34]}
{[%emt 00:05:10]} 13. Rfd1 {[%clk 01:14:17]} {[%emt 00:04:43]} Rfe8 {[%clk
01:09:03]} {[%emt 00:04:42]} 14. Ne5 {[%clk 01:12:12]} {[%emt 00:02:14]} c5
{[%clk 01:05:42]} {[%emt 00:03:32]} 15. cxd5 {[%clk 01:05:59]} {[%emt
00:06:22]} exd5 {[%clk 01:02:13]} {[%emt 00:03:40]} 16. Ndf3 {[%clk 01:01:55]}
{[%emt 00:04:14]} a6 {[%clk 00:56:30]} {[%emt 00:05:53]} 17. Nxd7 {[%clk
00:57:49]} {[%emt 00:04:16]} Nxd7 {[%clk 00:56:21]} {[%emt 00:00:18]} 18. Qa1
{[%clk 00:56:35]} {[%emt 00:01:25]} c4 {[%clk 00:51:28]} {[%emt 00:05:03]} 19.
bxc4 {[%clk 00:54:17]} {[%emt 00:02:28]} dxc4 {[%clk 00:51:28]} {[%emt
00:00:08]} 20. d5 {[%clk 00:53:25]} {[%emt 00:01:02]} Ne5 {[%clk 00:49:11]}
{[%emt 00:02:27]} 21. Nxe5 {[%clk 00:49:35]} {[%emt 00:03:59]} Bxe5 {[%clk
00:48:59]} {[%emt 00:00:23]} 22. Bxe5 {[%clk 00:49:35]} {[%emt 00:00:10]} Qxe5
{[%clk 00:48:51]} {[%emt 00:00:17]} 23. Qxe5 {[%clk 00:49:21]} {[%emt
00:00:24]} Rxe5 {[%clk 00:48:32]} {[%emt 00:00:30]} 24. Rxc4 {[%clk 00:49:21]}
{[%emt 00:00:09]} Rxc4 {[%clk 00:43:59]} {[%emt 00:04:43]} 25. Bxc4 {[%clk
00:49:21]} {[%emt 00:00:08]} b5 {[%clk 00:43:42]} {[%emt 00:00:27]} 26. d6
{[%clk 00:48:27]} {[%emt 00:01:04]} Bc6 {[%clk 00:42:41]} {[%emt 00:01:11]} 27.
Bb3 {[%clk 00:48:13]} {[%emt 00:00:24]} Bd7 {[%clk 00:42:38]} {[%emt 00:00:13]}
28. Rc1 {[%clk 00:47:58]} {[%emt 00:00:23]} Re8 {[%clk 00:40:18]} {[%emt
00:02:30]} 29. Bd5 {[%clk 00:47:25]} {[%emt 00:00:44]} Rd8 {[%clk 00:39:56]}
{[%emt 00:00:33]} 30. e4 {[%clk 00:47:10]} {[%emt 00:00:25]} Kf8 {[%clk
00:38:28]} {[%emt 00:01:38]} 31. Rc7 {[%clk 00:46:03]} {[%emt 00:01:16]} Rc8
{[%clk 00:36:57]} {[%emt 00:01:41]} 32. Bb7 {[%clk 00:45:56]} {[%emt 00:00:17]}
Rxc7 {[%clk 00:36:09]} {[%emt 00:00:58]} 33. dxc7 {[%emt 00:00:16]} 1-0